000 00660cam a22002293a 4500
001 9653
003 PGUSA
005 20140828083214.0
008 060101s2006||||xxu|||||s|||||000 p eng d
040 _aPGUSA
_beng
042 _adc
050 4 _aPS
100 1 _aJ. B. H.
_q(James Barron Hope),
_d1829-1887
245 1 2 _aA Wreath of Virginia Bay Leaves :
_bPoems of James Barron Hope
_h[electronic resource] /
_cJ. B. H.
260 _bProject Gutenberg,
_c2006
506 _aPublic domain in the USA.
516 _aElectronic text
653 _aPoetry
830 0 _aProject Gutenberg
_v9653
856 4 0 _uhttp://www.gutenberg.org/ebooks/9653
942 _cEB
999 _c238909
_d238909